| 000 | 01205nam a2200241 a 4500 | ||
|---|---|---|---|
| 001 | BRCA_6380 | ||
| 005 | 20190320205431.0 | ||
| 008 | 100811s1943----mx-a######---#000-0#spa-# | ||
| 041 | _aspa | ||
| 044 | _amx | ||
| 050 | 4 |
_aPQ7100 _b.H54 3 1944 |
|
| 245 | 1 | 0 |
_aEl hijo pródigo _bRevista literaria _cOctavio G. Barreda editor; Isaac Rojas Rosillo administrador. |
| 260 |
_aMéxico _bLetras de México _c1944 |
||
| 300 |
_a12 v. _bil. _c23 cm. |
||
| 500 | _aRevista inventariada por Banco de México como libro | ||
| 500 | _aVer también K188, K189 y K191 | ||
| 500 | _aK190 | ||
| 505 | 0 | _aContenido: v.1. vol. III, No. 10, Enero, 1944.--v.2. vol. III, No. 11, Febrero, 1944.-- v.3. vol. III, No. 12, Marzo, 1944.-- v.4. vol. IV, No. 13, Abril, 1944.-- v.5. vol. IV, No. 14, Mayo, 1944.-- v.6. vol. IV, No. 15, Junio, 1944.-- v.7. vol. V, No. 16, Julio, 1944.-- v.8. vol. V, No. 17, Agosto, 1944.-- v.9. vol. V, No. 18, Septiembre, 1944.-- v.10. vol. VI, No. 19, Octubre, 1944.-- v.11. vol. VI, No. 20, Noviembre, 1944.--v.12. vol. VI, No. 21, Diciembre, 1944. | |
| 650 | 1 | 4 |
_aLiteratura mexicana _vPublicaciones periódicas _915868 |
| 650 | 1 | 4 |
_aArte _zMéxico _915969 |
| 902 | _aGFM | ||
| 942 |
_2lcc _cB |
||
| 999 |
_c6066 _d6066 |
||